Mexabo /

Humorné sci-fi, ve kterém se partička zdiskreditovaných vědců náhodou dostane do daleké galaxie. Nečeká je však žádná pohodová návštěva, ale pořádné drama.

Hlavní autor: Sládečková, Kristýna
Jazyk: Čeština
Vydáno: Praha : Pointa, 2021
Vydání: První vydání
Témata:
Fyzický popis: 171 stran ; 20 cm
Knihy
Uloženo v:
LEADER 02043nam a2200421 i 4500
001 nkc20213326762
003 CZ PrNK
005 20210721105518.0
007 ta
008 210604s2021 xr g 000 f cze
015 |a cnb003326762 
020 |a 978-80-7650-359-5  |q (brožováno) :  |c Kč 299,00 
035 |a (OCoLC)1263264128 
040 |a ABG001  |b cze  |d ABA001  |e rda 
072 7 |a 821.162.3-3  |x Česká próza  |2 Konspekt  |9 25 
080 |a 821.162.3-31  |2 MRF 
080 |a (0:82-311.9)  |2 MRF 
080 |a (0:82-311.5)  |2 MRF 
100 1 |a Sládečková, Kristýna  |7 xx0244160  |4 aut 
245 1 0 |a Mexabo /  |c Kristýna Sládečková 
250 |a První vydání 
264 1 |a Praha :  |b Pointa,  |c 2021 
300 |a 171 stran ;  |c 20 cm 
336 |a text  |b txt  |2 rdacontent 
337 |a bez média  |b n  |2 rdamedia 
338 |a svazek  |b nc  |2 rdacarrier 
520 2 |a Humorné sci-fi, ve kterém se partička zdiskreditovaných vědců náhodou dostane do daleké galaxie. Nečeká je však žádná pohodová návštěva, ale pořádné drama.  |b Dva Češi, Fin, Švéd a Španěl se sejdou na vesmírné stanici, aby zkoumali červí díru. Ale hned první objev je průšvih. Když pak nešťastná pětice opravdu objeví novou galaxii, nikoho to nezajímá. Přijímají proto pozvání mimozemské civilizace a na planetu Mexabo se vydávají na vlastní pěst. Jenže vše je jinak, než očekávali. Ještěže se jim dostane pomoci od citlivého robota Mí2718, který umí zazpívat všechny písně od Enriqua Iglesiase. Nakladatelská anotace. 
655 7 |a české romány  |7 fd133974  |2 czenas 
655 7 |a vědecko-fantastické romány  |7 fd133847  |2 czenas 
655 7 |a humoristické romány  |7 fd132431  |2 czenas 
655 9 |a Czech fiction  |2 eczenas 
655 9 |a science fiction novels  |2 eczenas 
655 9 |a humorous novels  |2 eczenas 
910 2 |a BOA001  |b 2-1466.355 
990 |a BK 
995 |a 01 
991 |b 202107  |c NOV 
996 6 |b 2610870308  |c 2-1466.355  |l MZK  |r Sklad / do 1 hodiny  |n 0  |p p.v.  |w 001855824  |u 000010  |a 1  |e BOA001  |j MZK50  |s P